| 000 | 00340nam a2200145Ia 4500 | ||
|---|---|---|---|
| 008 | 230917s9999||||xx |||||||||||||| ||und|| | ||
| 040 |
_e75708 _aMAIN |
||
| 041 | _aEnglish | ||
| 082 | _a658.8 J199I | ||
| 100 | _aJain, P.K. | ||
| 245 | 0 | _aInternational marketing | |
| 260 |
_aJaipur _bPrintwell _c1988 |
||
| 300 | _a698p p. | ||
| 942 | _cBK | ||
| 999 |
_c219077 _d219077 |
||